[Event "Jurmala"]
[Site "Jurmala"]
[Date "1991.??.??"]
[Round "?"]
[White "Bologan, Viktor"]
[Black "Onischuk, Alexander"]
[Result "1-0"]
[WhiteElo "2510"]
[BlackElo "2340"]

1.e4 Nf6 2.e5 Nd5 3.d4 d6 4.Nf3 g6 5.Bc4 c6 6.O-O Bg7 7.Bb3 O-O 8.c4 Nb6
9.exd6 exd6 10.h3 Bf5 11.Nc3 Na6 12.Bf4 d5 13.c5 Nc4 14.Bxc4 dxc4 15.Qa4 Bd3
16.Rfd1 Re8 17.Bd6 Qc8 18.Ne5 Bxe5 19.dxe5 Qf5 20.Re1 f6 21.Nd1 fxe5 22.Ne3 Qg5
23.Nxc4 e4 24.Ne3 Nxc5 25.Qb4 Ne6 26.Qxb7 Nd4 27.Ng4 Rad8 28.Bg3 h5 29.Ne3 h4
30.Bh2 Nf3+ 31.Kh1 Nxe1 32.Qb3+ Kg7 33.Rxe1 Rf8 34.Ng4 Rd5 35.Qc3+ Kh7 36.Qxc6 Rdf5
37.Bd6 R8f7 38.Qc3 Rxf2 39.Nxf2 Rxf2 40.Rg1 Rf7 41.Qc8 Qf5 42.Qd8 Qf6 43.Qb8 Rd7
44.Bc5 Qd8 45.Qf4 Kg7 46.Be3 Qf6 47.Qh6+ Kf7 48.Rc1 Qxb2 49.Rc8 Qa1+ 50.Kh2 Qg7
51.Qf4+  1-0

[Event "Jurmala"]
[Site "Jurmala"]
[Date "1991.??.??"]
[Round "?"]
[White "Onischuk, Alexander"]
[Black "Maljutin, Evgeni"]
[Result "1-0"]
[WhiteElo "2340"]
[BlackElo "2385"]

1.c4 f5 2.Nc3 Nf6 3.d4 g6 4.f3 c5 5.d5 Bg7 6.e4 fxe4 7.fxe4 d6 8.Be2 Nbd7
9.Nf3 O-O 10.O-O Ng4 11.h3 Nge5 12.Be3 Nxf3+ 13.Rxf3 Rxf3 14.Bxf3 Qb6 15.Qb3 Bd4
16.Bxd4 cxd4 17.Qxb6 axb6 18.Nb5 d3 19.Kf2 Ne5 20.b3 Bd7 21.Nd4 Ra3 22.Ke3 h5
23.Bd1 Kg7 24.Nf3 Kf6 25.Nxe5 Kxe5 26.Kxd3 Ra8 27.Ke3 Ra3 28.Be2 h4 29.Rf1 Ra8
30.Rf7 Re8 31.a4 Bc8 32.Bg4 Bxg4 33.hxg4 e6 34.Rxb7 h3 35.gxh3 Rh8 36.Rxb6 Rxh3+
37.Kf2 exd5 38.exd5 Kf4 39.Rxd6 g5 40.Rf6+ Kxg4 41.c5 Rh8 42.c6 Kh3 43.c7 g4
44.c8=Q  1-0

[Event "URS-JUG U20"]
[Site "Leningrad"]
[Date "1991.??.??"]
[Round "?"]
[White "Popov, Sinisa"]
[Black "Onischuk, Alexander"]
[Result "0-1"]
[WhiteElo "2305"]
[BlackElo "2340"]

1.e4 Nf6 2.Nc3 e5 3.Nf3 Bb4 4.Nxe5 O-O 5.Be2 Re8 6.Nd3 Bxc3 7.dxc3 Nxe4 8.O-O d5
9.Nf4 c6 10.Be3 Nd7 11.c4 dxc4 12.Bxc4 Ne5 13.Qxd8 Rxd8 14.Be2 Bf5 15.g4 Bd7
16.f3 Nf6 17.Rad1 Ng6 18.Nxg6 hxg6 19.c4 Be6 20.b3 b6 21.Kf2 c5 22.h4 Kf8
23.Rh1 Rxd1 24.Bxd1 Re8 25.h5 gxh5 26.gxh5 Bf5 27.Bg5 Ng8 28.Be2 f6 29.Bf4 Kf7
30.Rd1 Ne7 31.Bd3 Rd8 32.Bc2 Rxd1 33.Bxd1 Nc6 34.Ke3 Ke6 35.Bg3 Ne5 36.Be1 Nc6
37.Bc3 Bh7 38.a3 a5 39.f4 Bb1 40.Bf3 Kd6 41.Be4 Bxe4 42.Kxe4 Ne7 43.f5 Ng8
44.Bd2 Nh6 45.Bf4+ Kc6  0-1

[Event "URS-JUG U20"]
[Site "Leningrad"]
[Date "1991.??.??"]
[Round "?"]
[White "Ostojic, Nikola"]
[Black "Onischuk, Alexander"]
[Result "1/2-1/2"]
[WhiteElo "2350"]
[BlackElo "2340"]

1.d4 Nf6 2.c4 c5 3.Nf3 cxd4 4.Nxd4 e5 5.Nb5 d5 6.cxd5 Bc5 7.N5c3 O-O 8.h3 Bf5
9.e3 e4 10.g4 Bg6 11.Bg2 Re8 12.O-O Na6 13.Nd2 Bb4 14.Nb3 h5 15.g5 Bxc3 16.bxc3 Nxd5
17.c4 Ndb4 18.Qxd8 Raxd8 19.h4 Nd3 20.Ba3 Nab4 21.Bxb4 Nxb4 22.Nd4 Nd3 23.Rfb1 Re7
24.Rb5 Rde8 25.a4 Ne5 26.Rc1 Nf3+  1/2-1/2

[Event "URS-JUG U20"]
[Site "Leningrad"]
[Date "1991.??.??"]
[Round "?"]
[White "Onischuk, Alexander"]
[Black "Savicevic, Vlatko"]
[Result "1-0"]
[WhiteElo "2340"]
[BlackElo "2305"]

1.d4 g6 2.c4 d6 3.Nc3 Bg7 4.Nf3 Nd7 5.e4 e5 6.Be2 Nh6 7.O-O c6 8.d5 c5 9.Nb5 Nb8
10.b4 b6 11.bxc5 bxc5 12.Bd2 O-O 13.Qa4 Na6 14.Qa5 Qe7 15.Rab1 f6 16.Bd1 Nf7
17.Ba4 Rb8 18.Nc3 Rxb1 19.Rxb1 f5 20.a3 h5 21.Bb5 Nc7 22.Qxa7 fxe4 23.Nxe4 Bf5
24.Re1 Ra8 25.Qb7 Rxa3 26.Nfg5 Bxe4 27.Nxe4 Kh7 28.h4 Bh6 29.Bxh6 Kxh6 30.Bc6 Kg7
31.Qc8 Nd8 32.Rd1 Nf7 33.g3 Na6 34.Qe6  1-0

[Event "URS-JUG U20"]
[Site "Leningrad"]
[Date "1991.??.??"]
[Round "?"]
[White "Onischuk, Alexander"]
[Black "Mitkov, Nikola"]
[Result "0-1"]
[WhiteElo "2340"]
[BlackElo "2370"]

1.c4 e6 2.Nc3 Nf6 3.e4 d5 4.e5 Nfd7 5.cxd5 Nxe5 6.d4 Ng6 7.dxe6 Bxe6 8.d5 Bc8
9.Nf3 Bd6 10.Bb5+ Nd7 11.Ne4 O-O 12.Nxd6 Qe7+ 13.Be3 Qxd6 14.O-O Nf6 15.Rc1 Qxd5
16.Qa4 c6 17.Bc4 Qh5 18.Qb3 Bg4 19.Be2 Nd5 20.h3 Ngf4 21.Bxf4 Nxf4 22.Qc4 Nxh3+
23.gxh3 Bxf3 24.Bxf3 Qxf3 25.Rc3 Qf6 26.Qb3 b6  0-1

[Event "URS-JUG U20"]
[Site "Leningrad"]
[Date "1991.??.??"]
[Round "?"]
[White "Saric, Igor"]
[Black "Onischuk, Alexander"]
[Result "1/2-1/2"]
[WhiteElo "2270"]
[BlackElo "2340"]

1.e4 Nf6 2.e5 Nd5 3.d4 d6 4.c4 Nb6 5.exd6 cxd6 6.Be3 g6 7.h4 h5 8.Nc3 Bg7
9.Be2 Nc6 10.d5 Ne5 11.Rc1 O-O 12.b3 Ng4 13.Bd4 e5 14.dxe6 Bxe6 15.Bxg7 Kxg7
16.Qd4+ Qf6 17.Rd1 Rad8 18.Rh3 Qxd4 19.Rxd4 Nh6 20.Rhd3 Nf5 21.Rf4 d5 22.cxd5 Nxd5
23.Nxd5 Bxd5 24.Bf3 Bxf3 25.Rxd8 Rxd8 26.Nxf3 Re8+ 27.Kd2 Nd6 28.Kd3 Nf5  1/2-1/2

[Event "URS-JUG U20"]
[Site "Leningrad"]
[Date "1991.??.??"]
[Round "?"]
[White "Onischuk, Alexander"]
[Black "Burovic, Ismet"]
[Result "1-0"]
[WhiteElo "2340"]
[BlackElo "2375"]

1.d4 Nf6 2.c4 g6 3.Nc3 Bg7 4.e4 d6 5.Be2 O-O 6.Nf3 e5 7.dxe5 dxe5 8.Qxd8 Rxd8
9.Bg5 c6 10.Nxe5 Re8 11.O-O-O Na6 12.Rd6 Nxe4 13.Nxe4 Bxe5 14.Nf6+ Bxf6 15.Bxf6 Nc5
16.Bf3 Bf5 17.Rhd1 Ne4 18.Bxe4 Rxe4 19.Rd8+ Re8 20.Rxa8 Rxa8 21.f3 h6 22.h4 Kh7
23.b3 Be6 24.Kb2 g5 25.hxg5 Kg6 26.f4 Kh5 27.Rh1+ Kg6 28.Rxh6+ Kf5 29.Be5 Rg8
30.Kc3 Ke4 31.Rh1 Bg4 32.Re1+ Kf5 33.Bf6 Kxf4 34.Re7 Bc8 35.Rxf7 Ke4 36.Kb4 a6
37.Kc5 b5 38.Kxc6 bxc4 39.bxc4 Kd3 40.c5 Be6 41.Rd7+ Ke4  1-0

[Event "URS-JUG U20"]
[Site "Leningrad"]
[Date "1991.??.??"]
[Round "?"]
[White "Brenjo, Slavisa"]
[Black "Onischuk, Alexander"]
[Result "1/2-1/2"]
[WhiteElo "2320"]
[BlackElo "2340"]

1.e4 Nf6 2.e5 Nd5 3.d4 d6 4.Nf3 g6 5.Bc4 Nb6 6.Bb3 Bg7 7.Qe2 Nc6 8.a4 dxe5
9.dxe5 O-O 10.a5 Nd5 11.h3 Ndb4 12.O-O Nd4 13.Nxd4 Qxd4 14.c3 Qd3 15.Qd1 Qxd1
16.Rxd1 Nc6 17.f4 g5 18.Re1 Bf5 19.Nd2 gxf4 20.Nf3 a6 21.Bxf4 e6 22.Bg5 h6
23.Bh4 Kh7 24.Bc4 Rg8 25.Kh2 Bf8 26.b4 Be7 27.Rad1 Rad8 28.Bxe7 Nxe7 29.Nd4 Bg6
30.Nb3 Nd5 31.Bxd5 Rxd5 32.Rxd5 exd5 33.Nc5 b6 34.axb6 cxb6 35.Nd7 Rd8 36.Nf6+ Kg7
37.Rd1 a5 38.bxa5 bxa5 39.Ra1 Ra8 40.Nxd5 a4 41.Ra3 Bc2 42.c4 Bb3 43.Nb6 Ra5
44.c5  1/2-1/2

[Event "Wch U16"]
[Site "Mamaia"]
[Date "1991.??.??"]
[Round "?"]
[White "Jaracz, Pawel"]
[Black "Onischuk, Alexander"]
[Result "1-0"]
[WhiteElo "2300"]
[BlackElo "2340"]

1.e4 Nf6 2.e5 Nd5 3.d4 d6 4.Nf3 g6 5.Bc4 Nb6 6.Bb3 Bg7 7.a4 c6 8.a5 Nd5 9.h3 O-O
10.O-O dxe5 11.dxe5 Na6 12.Qe2 Bf5 13.Bc4 Qc7 14.Re1 Nc5 15.Nd4 Be6 16.Nxe6 fxe6
17.g3 Rf7 18.Nc3 Raf8 19.Be3 Nd7 20.f4 g5 21.Bxd5 cxd5 22.Nb5 Qc8 23.Nxa7 Qd8
24.Qg4 Rf5 25.Nb5 h5 26.Qe2 gxf4 27.gxf4 Rxf4 28.Bxf4 Rxf4 29.Rf1 Re4 30.Qxh5 Nxe5
31.Ra3 Nd7 32.Qf7+ Kh8 33.Qxe7 Qg8 34.Qf7 Rb4 35.Qxg8+ Kxg8 36.Nc7 Be5 37.Nxe6 Rxb2
38.Rb3 Rxc2 39.Rxb7 Nf6 40.a6 Ra2 41.a7  1-0

[Event "Wch U16"]
[Site "Mamaia"]
[Date "1991.??.??"]
[Round "?"]
[White "Onischuk, Alexander"]
[Black "Har Zvi, Ronen"]
[Result "1/2-1/2"]
[WhiteElo "2340"]
[BlackElo "2240"]

1.d4 Nf6 2.c4 g6 3.Nc3 Bg7 4.Nf3 O-O 5.Bf4 d5 6.e3 c5 7.Be2 cxd4 8.exd4 Bg4
9.h3 Bxf3 10.Bxf3 e6 11.c5 Nc6 12.Bd6 Re8 13.O-O Nd7 14.Ne2 b6 15.Rb1 bxc5
16.dxc5 Nde5 17.b4 Nxf3+ 18.gxf3 Ne5 19.Bxe5 Bxe5 20.f4 Bg7 21.Qd3 d4 22.Rfc1 Qd5
23.Ng3 Qxa2 24.Rb3 f5 25.b5 Rac8 26.c6 Re7 27.Ne2 h5 28.Kg2 Kh7 29.Rc4 Qa5
30.Nxd4 Rd8 31.Qe3 e5 32.Nf3 Qc7 33.fxe5 Bxe5 34.Ra4 Bd4 35.Qg5 Bb6 36.Nh4 Qd6
37.Rd3 Qe6 38.Rxd8 Bxd8 39.Nf3 Bb6 40.Qh4 Kg7 41.Ra1 Qf6 42.Qxf6+ Kxf6 43.Rd1 Re2
44.Rd6+ Ke7 45.Rd7+ Ke8 46.Kg3 Rb2 47.Rd5 Rxf2 48.h4 Rf1 49.Rd7 Rb1 50.Ng5 Rxb5  1/2-1/2

[Event "Wch U16"]
[Site "Mamaia"]
[Date "1991.??.??"]
[Round "?"]
[White "Onischuk, Alexander"]
[Black "Lyrberg, Patrik"]
[Result "1-0"]
[WhiteElo "2340"]
[BlackElo "2270"]

1.c4 Nf6 2.Nc3 e6 3.e4 d5 4.e5 Ne4 5.Nf3 Nc6 6.d4 Bb4 7.Qc2 f5 8.Bd3 Be7
9.a3 g5 10.Ne2 g4 11.Nd2 dxc4 12.Bxe4 Nxd4 13.Qxc4 Nxe2 14.Qxe2 fxe4 15.Qxg4 Qd3
16.Nxe4 Bd7 17.Qh5+ Kd8 18.Qe2 Qxe2+ 19.Kxe2 Bc6 20.Ke3 Rg8 21.Rd1+ Ke8 22.g3 Bg5+
23.f4 Be7 24.Bd2 a5 25.Bc3 h5 26.Rac1 Bd5 27.Bd4 Bd8 28.Rg1 b6 29.h3 c5 30.Bc3 Be7
31.g4 b5 32.gxh5 Rh8 33.Nf6+ Kf7 34.Nxd5 exd5 35.e6+ Kxe6 36.Bxh8 Rxh8 37.Kf3 Kf5
38.Rg7 Bf6 39.Rb7 Rxh5 40.Rxc5 Rxh3+ 41.Kg2 Rd3 42.Rbxb5 Ke4 43.Rc2 d4 44.Re2+ Re3
45.Kf1 Kf3 46.Rf2+ Ke4 47.Rxa5 d3 48.Ra4+ Kf5 49.Rc4 Bh4 50.Rd4 Bxf2 51.Kxf2 Re2+
52.Kf3 Rxb2 53.Rd5+ Ke6 54.Rxd3 Rb5 55.a4 Rb4 56.Ra3 Kf5 57.a5 Rxf4+ 58.Ke3 Rh4
59.Kd2 Ke5 60.a6 Rh8 61.Kc3 Kd5 62.Kb4 Kc6  1-0

[Event "Wch U16"]
[Site "Mamaia"]
[Date "1991.??.??"]
[Round "?"]
[White "Spangenberg, Hugo"]
[Black "Onischuk, Alexander"]
[Result "0-1"]
[WhiteElo "2220"]
[BlackElo "2340"]

1.e4 e5 2.Bc4 Nf6 3.d3 c6 4.Qe2 Bc5 5.Nf3 O-O 6.O-O Re8 7.c3 d5 8.Bb3 Nbd7
9.Nbd2 Bd6 10.Re1 Nf8 11.Nf1 Ng6 12.Ng3 h6 13.h3 Be6 14.Be3 c5 15.Ba4 Bd7
16.Bxd7 Qxd7 17.Nh2 d4 18.Bd2 Bf8 19.Nf5 dxc3 20.Bxc3 Rad8 21.Qf3 Nh7 22.Red1 Ng5
23.Qe3 Ne7 24.Ng3 Nc6 25.Ng4 Nd4 26.Bxd4 cxd4 27.Qd2 Rc8 28.Nf5 Qb5 29.h4 Ne6
30.a4 Qb3 31.Nxe5 Rc2 32.Qe1 g6 33.Ng4 Kh8 34.Nfxh6 Nf4 35.Nxf7+ Qxf7 36.Qa5 Bg7
37.Kh1 b6 38.Qg5 Rc5 39.e5 Ne6 40.Qd2 Bxe5 41.b4 Bf4 42.Qe2 Rf5 43.Qe4 Ng7
44.Qxd4 Be5 45.Nxe5 Rexe5 46.Kg1 Re2 47.Rf1 Rf4 48.Qd8+ Kh7  0-1

[Event "Alushta"]
[Site "Alushta"]
[Date "1992.??.??"]
[Round "1"]
[White "Berkovich, Dmitry"]
[Black "Onischuk, Alexander"]
[Result "1-0"]
[WhiteElo "2445"]
[BlackElo "2375"]

1.d4 Nf6 2.c4 e6 3.Nc3 Bb4 4.Qc2 O-O 5.Nf3 d6 6.g3 Nc6 7.a3 Bxc3+ 8.Qxc3 e5
9.dxe5 dxe5 10.Bg2 Re8 11.Bg5 h6 12.Rd1 Qe7 13.Be3 Ng4 14.O-O Be6 15.Bc1 Qc5
16.Nd2 a5 17.b3 Nd4 18.Rde1 Bf5 19.e3 Nc6 20.Ne4 Bxe4 21.Bxe4 Nf6 22.Bg2 e4
23.f3 Rad8 24.fxe4 Ne5 25.Rd1 Rxd1 26.Rxd1 a4 27.bxa4 Qxc4 28.Qxc4 Nxc4 29.e5 Rxe5
30.Bxb7 Rc5 31.Bd2 Nxd2 32.Rxd2 Kf8 33.Kf2 Ke7 34.Ke2 c6 35.Rd4 Ne8 36.a5 Nd6
37.a6 Ra5 38.a4 Kd7 39.Kd3 Kc7 40.Kc3 Nxb7 41.axb7 Kxb7 42.Rd7+ Kb6 43.Rxf7 Rxa4
44.Rxg7 Kc5 45.h4 Kd5 46.Rg6 Ra3+ 47.Kd2 Ra2+ 48.Kd3 Rg2 49.e4+ Ke5 50.Ke3 c5
51.Kf3 Ra2 52.Rxh6 c4 53.Rc6 Kd4 54.h5 c3 55.h6 Rh2 56.Kf4 c2 57.Kg5 Kxe4
58.g4 Ke5 59.Kg6 Kd5 60.Rc8 Rh4 61.Rxc2 Rxg4+  1-0

[Event "Alushta"]
[Site "Alushta"]
[Date "1992.??.??"]
[Round "3"]
[White "Novikov, Igor A"]
[Black "Onischuk, Alexander"]
[Result "1-0"]
[WhiteElo "2585"]
[BlackElo "2375"]

1.d4 Nf6 2.c4 e6 3.Nf3 b6 4.g3 Ba6 5.b3 Bb7 6.Bg2 Bb4+ 7.Bd2 a5 8.O-O O-O
9.Bc3 Ne4 10.Bb2 d5 11.c5 bxc5 12.a3 c4 13.axb4 axb4 14.Rxa8 Bxa8 15.bxc4 dxc4
16.Qa4 Nc6 17.Nfd2 Nxd2 18.Nxd2 Nxd4 19.Bxd4 Qxd4 20.Qxb4 c5 21.Qa5 Bxg2
22.Kxg2 c3 23.Nf3 Qb4 24.Qa1 Rb8 25.Rc1 Qb2 26.e3 f6 27.Qa7 Qxc1 28.Qxb8+ Kf7
29.Qc7+ Kg8 30.Qe7  1-0

[Event "Alushta"]
[Site "Alushta"]
[Date "1992.??.??"]
[Round "5"]
[White "Onischuk, Alexander"]
[Black "Buturin, Vladimir"]
[Result "1-0"]
[WhiteElo "2375"]
[BlackElo "2415"]

1.c4 g6 2.Nc3 c5 3.Nf3 Bg7 4.e3 Nf6 5.Be2 O-O 6.O-O e6 7.d4 Na6 8.a3 b6 9.b4 Bb7
10.bxc5 bxc5 11.Rb1 Ne4 12.Bb2 d6 13.Qc2 Nxc3 14.Bxc3 Qd7 15.d5 e5 16.Rb5 Bc8
17.Rfb1 Nc7 18.R5b2 Ba6 19.e4 f5 20.Nd2 Bh6 21.exf5 gxf5 22.Nf1 Rae8 23.Bd2 Bg7
24.Bh5 Rc8 25.Rb3 Ne8 26.f4 Nf6 27.Ng3 e4 28.Be2 Rce8 29.h3 Bc8 30.Be3 Qf7
31.Rb8 Qg6 32.Nf1 Nh5 33.Kf2 Bf6 34.g3 Re7 35.R1b3 Rg7 36.Bd2 Qh6 37.Qd1 Bd4+
38.Ke1 Nf6 39.h4 Ng4 40.Bxg4 Rxg4 41.Be3 Qf6 42.Kf2 Rg7 43.Ra8 Kh8 44.Rbb8 Rc7
45.Ke1 Qg7 46.Kf2 Rg8 47.Qe2 h6 48.Kg2 Kh7 49.Bd2 Qf6 50.Ba5 Qe7 51.Bxc7 Qxc7
52.Ne3 Qg7 53.Nxf5 Qg6 54.Rxc8 Rxc8 55.Rxc8 Qxf5 56.Re8 e3 57.Re6 Kg7 58.Qd1 Kh7
59.Qb3 Be5 60.Qxe3 Qc2+ 61.Kh3 Qxc4  1-0

[Event "Alushta"]
[Site "Alushta"]
[Date "1992.??.??"]
[Round "7"]
[White "Onischuk, Alexander"]
[Black "Savon, Vladimir A"]
[Result "0-1"]
[WhiteElo "2375"]
[BlackElo "2420"]

1.d4 Nf6 2.c4 e6 3.Nc3 Bb4 4.Qc2 O-O 5.a3 Bxc3+ 6.Qxc3 Ne4 7.Qc2 f5 8.b4 d6
9.Bb2 c5 10.e3 Nc6 11.Bd3 cxb4 12.Bxe4 fxe4 13.Qxe4 d5 14.Qd3 Qg5 15.g3 dxc4
16.Qxc4 Qf5 17.f3 bxa3 18.Bxa3 Rf7 19.e4 Qa5+ 20.Kf2 e5 21.Ne2 exd4 22.Bd6 Qd8
23.e5 d3 24.Nf4 Qb6+ 25.Kf1 Qe3 26.Ra3 Bh3+  0-1

[Event "Alushta"]
[Site "Alushta"]
[Date "1992.??.??"]
[Round "8"]
[White "Lokasto, Anatol"]
[Black "Onischuk, Alexander"]
[Result "0-1"]
[WhiteElo "2330"]
[BlackElo "2375"]

1.e4 e5 2.Bc4 Nf6 3.d3 c6 4.Nf3 d5 5.Bb3 Bd6 6.exd5 cxd5 7.O-O O-O 8.h3 e4
9.dxe4 dxe4 10.Nd4 Nc6 11.Nxc6 bxc6 12.Re1 Qe7 13.Qe2 Re8 14.Nd2 Qe5 15.Nf1 a5
16.a4 Nd5 17.c3 Bf5 18.Rd1 Be6 19.Bxd5 Bxd5 20.c4 Be6 21.Be3 c5 22.b3 Be7
23.Qc2 f5 24.Bd2 Bf6 25.Rac1 f4 26.Bc3 Qxc3 27.Qxc3 Bxc3 28.Rxc3 Rad8 29.Re1 Bf5
30.h4 h6 31.h5 Bg4 32.g3 f3 33.Ne3 Bxh5 34.Nd5 Bf7 35.Rce3 Bxd5 36.cxd5 Rxd5
37.Rxf3 Ree5 38.Rfe3 Rd4 39.f3 Rb4 40.fxe4 c4 41.bxc4 Rxc4 42.Kf2 Rxa4 43.Kf3 Rb4
44.Rc1 a4 45.Rc8+ Kf7 46.Ra8 Kf6 47.Ra6+ Kf7 48.Re2 Rc4 49.Re3 h5 50.Kf4 Re6
51.Ra5 Kg6 52.Rg5+ Kh6 53.Ra5 Rb4 54.Kf3 Rf6+ 55.Ke2 Rb2+ 56.Kd3 Rb3+ 57.Ke2 Rg6
58.Rxa4 Rxg3 59.Rxg3 Rxg3 60.Ra5 g6 61.Kf2 Rg5 62.Ra1 Rb5 63.Re1 Kg5 64.Ke3 h4
65.Kf3 Rb3+ 66.Kf2 Kf6 67.e5+ Ke6 68.Rg1 Kf5 69.Re1 Rb6 70.Kg2 Re6 71.Rf1+ Kg5
72.Re1 Kf4 73.Rf1+ Ke4 74.Kh3 g5 75.Kg4 Rxe5 76.Rd1 Ra5 77.Re1+ Kd4 78.Rd1+ Ke3
79.Rf1 Ke2 80.Rf8 Re5 81.Rf7 Ke1 82.Rf3 Rd5 83.Rf8 Rd2 84.Rf3 Rg2+ 85.Kh3 Rg1
86.Kh2 Rg4 87.Kh3 Rf4 88.Ra3 Kf2 89.Ra2+ Ke3 90.Rg2 Rf3+ 91.Kg4 Ke4 92.Rg1 Re3
93.Rg2 Ke5 94.Rg1 Kf6 95.Rg2 Kg6 96.Rg1 Re4+ 97.Kf3 Rf4+ 98.Ke3 Kh5 99.Ra1 Rf8  0-1

[Event "Alushta"]
[Site "Alushta"]
[Date "1992.??.??"]
[Round "9"]
[White "Onischuk, Alexander"]
[Black "Milov, Leonid"]
[Result "1/2-1/2"]
[WhiteElo "2375"]
[BlackElo "2400"]

1.f4 c5 2.Nf3 d5 3.g3 g6 4.Bg2 Bg7 5.O-O Nc6 6.d3 Nf6 7.c3 O-O 8.Na3 Rb8
9.Nc2 b5 10.Ne5 Bb7 11.Nxc6 Bxc6 12.b4 Nd7 13.Bd2 e6 14.Rb1 a5 15.a3 Qc7
16.e3 Rfc8 17.Qe2 Qa7 18.Ne1 axb4 19.axb4 Qa2 20.Qd1 Ra8 21.Nf3 Ra3 22.Rf2 Raa8
23.g4 Qa4 24.Qf1 Qa3 25.Bc1 Qa7 26.d4 cxb4 27.cxb4 f6 28.f5 exf5 29.gxf5 g5
30.h4 g4 31.Ne1 h5 32.Nd3 Nb6 33.Nf4 Qf7 34.Qd3 Re8 35.Ne6 Nc4 36.e4 Rxe6
37.fxe6 Qxe6 38.exd5 Bxd5 39.Qf5 Rd8 40.Qxe6+ Bxe6 41.Bf4 Rxd4 42.Re1 Bd7
43.Rff1 Bf8 44.Rd1 Rxd1 45.Rxd1 Be6 46.Rd8 Kf7 47.Rb8 Bxb4 48.Rxb5 Be1 49.Rxh5 Kg6
50.Rc5 Bxh4 51.Be4+ Kf7 52.Bd3 Nb6 53.Rc7+ Nd7 54.Bd6 f5 55.Bb5 Be7 56.Rxd7 Bxd7
57.Bxd7  1/2-1/2

[Event "Spring op"]
[Site "Budapest"]
[Date "1992.??.??"]
[Round "?"]
[White "Onischuk, Alexander"]
[Black "Bako, Viktor"]
[Result "1-0"]
[WhiteElo "2370"]
[BlackElo "2240"]

1.d4 Nf6 2.c4 e6 3.Nc3 Bb4 4.Qc2 O-O 5.a3 Bxc3+ 6.Qxc3 b6 7.Bg5 Bb7 8.f3 h6
9.Bh4 d5 10.Nh3 Re8 11.e3 Nbd7 12.cxd5 Nxd5 13.Bxd8 Nxc3 14.Bh4 Nd5 15.Kf2 a6
16.Rc1 Rac8 17.Be2 c5 18.dxc5 Nxc5 19.e4 Nc7 20.Rc4 e5 21.Rhc1 N7e6 22.b4 Nb3
23.Rxc8 Rxc8 24.Rxc8+ Bxc8 25.Bg3 f6 26.f4 exf4 27.Nxf4 Nbd4 28.Bd3 Kf7 29.Nxe6 Kxe6
30.Ke3 Nc6 31.Bc4+ Ke7 32.Bc7 Ne5 33.Bd5 Be6 34.Kd4 Bxd5 35.Kxd5 Nd3 36.Bxb6 Ne1
37.g3 Nc2 38.Bc5+ Ke8 39.a4  1-0

[Event "Dortmund op-A"]
[Site "Dortmund"]
[Date "1992.??.??"]
[Round "2"]
[White "Onischuk, Alexander"]
[Black "Lputian, Smbat G"]
[Result "0-1"]
[WhiteElo "2370"]
[BlackElo "2560"]

1.c4 Nf6 2.Nc3 d5 3.cxd5 Nxd5 4.g3 e6 5.Bg2 Be7 6.d4 O-O 7.Nf3 c5 8.O-O Nc6
9.Nxd5 exd5 10.dxc5 Bxc5 11.a3 Re8 12.b4 Bb6 13.Bb2 Bf5 14.Qd2 Be4 15.Rad1 Qe7
16.Bc3 Rad8 17.e3 a6 18.Qb2 f6 19.a4 Rc8 20.Qd2 Red8 21.b5 axb5 22.axb5 Ne5
23.Nxe5 Bxg2 24.Kxg2 fxe5 25.Ba5 Bxa5 26.Qxa5 Qf7 27.Rd2 d4 28.exd4 exd4
29.Rfd1 Qd5+ 30.Kg1 Rc4 31.Re2 h6 32.Re5 Qxe5 33.Qxd8+ Kh7 34.Qd7 Qe4 35.b6 Qf3
36.Rf1 d3 37.Qe6 Rc2 38.Qb3 h5 39.h4 Re2 40.Qc3 Rc2 41.Qb3 Re2 42.Qc4 d2
43.Qd4 Qe4 44.Qd6 Qc2 45.Qd5 Re1 46.Qxh5+ Kg8 47.Qd5+ Kh8  0-1

[Event "Dortmund op-A"]
[Site "Dortmund"]
[Date "1992.??.??"]
[Round "3"]
[White "Roesemann, Rainer"]
[Black "Onischuk, Alexander"]
[Result "1-0"]
[WhiteElo "2210"]
[BlackElo "2370"]

1.c4 e5 2.Nc3 Nc6 3.g3 Nf6 4.Bg2 Bb4 5.Nf3 Bxc3 6.bxc3 d6 7.Rb1 O-O 8.O-O Rb8
9.d3 b6 10.Nh4 Na5 11.e4 Nd7 12.Nf5 Nc5 13.f4 Bxf5 14.exf5 Qf6 15.fxe5 dxe5
16.Ba3 Qd6 17.Rb5 Nc6 18.f6 a6 19.Rb2 Qd7 20.Qh5 gxf6 21.Bxc5 bxc5 22.Be4 f5
23.Bxf5  1-0

[Event "Dortmund op-A"]
[Site "Dortmund"]
[Date "1992.??.??"]
[Round "4"]
[White "Onischuk, Alexander"]
[Black "Theissen, Henning"]
[Result "1-0"]
[WhiteElo "2370"]
[BlackElo "2240"]

1.d4 Nf6 2.c4 g6 3.Nc3 Bg7 4.e4 d6 5.Be2 O-O 6.Bg5 c6 7.Qd2 Nbd7 8.Nf3 e5
9.O-O Re8 10.Rad1 exd4 11.Nxd4 Nc5 12.f3 a5 13.Nc2 Qb6 14.Be3 a4 15.Rb1 Qc7
16.Rfd1 Nfd7 17.Qxd6 Qxd6 18.Rxd6 Be5 19.Rdd1 a3 20.b4 Bxc3 21.bxc5 f5 22.Rb3 Bb2
23.Rbd3 Ne5 24.Rd8 Be6 25.Rxa8 Rxa8 26.exf5 gxf5 27.Nd4 Nxc4 28.Nxe6 Nxe3
29.Rd7 Re8 30.Nf4 Re5 31.Kf2 Nd5 32.Bc4 Bd4+ 33.Kg3 Kf8 34.Nxd5 cxd5 35.Bxd5 Bxc5
36.Kf4 Re2 37.Kxf5 Rxg2 38.Rxh7 Bd4 39.h4 b6 40.h5 Rg7 41.Rh6 Rg3 42.Re6 b5
43.Re1 Rh3 44.Kg4 Rh2 45.f4 b4 46.Kg5 Rh3 47.h6 Rg3+ 48.Kf5 Rh3 49.Re6 Rh5+
50.Ke4 Bc3 51.Bb3 Rh4 52.Kf5 Rh3 53.Ra6 Bd4 54.Kg4 Rh2 55.f5 Ke7 56.f6+ Kd7
57.f7 Bc5 58.Ra7+ Kc6 59.Ra8 Kb6 60.Kg5 Be3+ 61.Kf6 Rxh6+ 62.Kf5 Bc5 63.f8=Q Bxf8
64.Rxf8 Rh3 65.Ke5 Kc5 66.Ke4 Rh4+ 67.Rf4 Rh8 68.Rf5+ Kc6 69.Ba4+ Kb6 70.Kd5 Rh2
71.Bb3 Rh4 72.Re5 Kb5 73.Re4 Rh6 74.Re6 Rh5+ 75.Kd4 Rh4+ 76.Re4 Rh3 77.Re5+ Kb6
78.Bc4 Rh4+ 79.Re4 Rh5 80.Re6+ Kc7 81.Re5 Rh2 82.Kc5 Rb2 83.Re7+ Kd8 84.Rb7  1-0

[Event "Dortmund op-A"]
[Site "Dortmund"]
[Date "1992.??.??"]
[Round "5"]
[White "Pinnel, Peter"]
[Black "Onischuk, Alexander"]
[Result "1/2-1/2"]
[WhiteElo "2215"]
[BlackElo "2370"]

1.d4 Nf6 2.Nf3 c5 3.c3 e6 4.Bf4 b6 5.e3 Be7 6.Be2 Bb7 7.h3 O-O 8.O-O d6 9.Nbd2 Nbd7
10.a4 a6 11.Bh2 Re8 12.b4 Bf8 13.Qb3 cxb4 14.cxb4 Qe7 15.b5 a5 16.Nc4 Ne4
17.Ncd2 Ndf6 18.Rfc1 Rac8 19.Qb2 Bd5 20.Bc4 Ba8 21.Be2 Qb7 22.Bf1 h6 23.Nxe4 Nxe4
24.Nd2 Nf6 25.Qa3 Qd7 26.Be2 Nd5 27.Nc4 Nb4 28.Nxb6 Qb7 29.Nxa8 Nc2 30.Rxc2 Rxc2
31.Bf3 d5 32.Qd3 Rec8 33.Nc7 R8xc7 34.Bxc7 Qxc7 35.b6 Rc1+ 36.Rxc1 Qxc1+
37.Bd1 Qb2 38.Qb3 Qd2 39.g3 Qb4 40.Qxb4 Bxb4 41.Be2 Kf8 42.Bb5 Ke7 43.f3 f6
44.Kf2 Kd6 45.Ke2 e5 46.Kd3 g5 47.g4  1/2-1/2

[Event "Dortmund op-A"]
[Site "Dortmund"]
[Date "1992.??.??"]
[Round "6"]
[White "Onischuk, Alexander"]
[Black "Tamm, Ulrich"]
[Result "1-0"]
[WhiteElo "2370"]
[BlackElo "2300"]

1.c4 g6 2.Nc3 Bg7 3.d4 d6 4.Nf3 f5 5.e4 fxe4 6.Nxe4 Nf6 7.Ng3 O-O 8.Be2 e5
9.dxe5 dxe5 10.Qxd8 Rxd8 11.c5 Be6 12.Nxe5 Nfd7 13.Nd3 Bd4 14.Be3 Ne5 15.Bxd4 Nxd3+
16.Bxd3 Rxd4 17.Be4 Bd5 18.Rd1 Rxe4+ 19.Nxe4 Bxe4 20.Rd8+ Kf7 21.O-O b5 22.Rh8 Na6
23.Rxh7+ Kf6 24.Re1 Re8 25.a3 Bc6 26.Rxe8 Bxe8 27.b4 Bf7 28.Rh8 c6 29.Ra8 Nc7
30.Rxa7 Nd5 31.f3 Ne7 32.Kf2 Bd5 33.a4 bxa4 34.Rxa4 Nf5 35.Ra8 Bc4 36.g4 Nd4
37.Rd8 Ne6 38.Rd6 Bb5 39.h4 Kf7 40.Ke3 Ke7 41.Ke4 Nf8 42.Ke5 Ba4 43.h5 gxh5
44.gxh5 Bb5 45.h6 Ba4 46.f4 Bb5 47.f5 Ba4 48.Rd3 Bc2 49.Rh3 Nd7+  1-0

[Event "Dortmund op-A"]
[Site "Dortmund"]
[Date "1992.??.??"]
[Round "8"]
[White "Onischuk, Alexander"]
[Black "Skembris, Spyridon"]
[Result "1/2-1/2"]
[WhiteElo "2370"]
[BlackElo "2530"]

1.c4 e5 2.Nc3 Nc6 3.Nf3 g6 4.d4 exd4 5.Nd5 Bg7 6.Bg5 Nce7 7.Nxd4 c6 8.Nc3 Qa5
9.Qd2 Qc5 10.Rd1 Qxc4 11.e4 Qxd4 12.Qxd4 Bxd4 13.Rxd4 f6 14.Be3 b6 15.Be2 h5
16.O-O Bb7 17.Rfd1 Rd8 18.Bf4 d5 19.exd5 Nxd5 20.Nxd5 Rxd5 21.Bc4 Rxd4 22.Rxd4 Ne7
23.Rd6 Nd5 24.Bxd5 cxd5 25.Rxf6 Rf8 26.Re6+ Kd7 27.Rd6+ Ke7 28.Be5 Rc8 29.h4 Rc6  1/2-1/2

[Event "Hamburg op"]
[Site "Hamburg"]
[Date "1992.??.??"]
[Round "5"]
[White "Onischuk, Alexander"]
[Black "Korneev, Oleg"]
[Result "1/2-1/2"]
[WhiteElo "2375"]
[BlackElo "2475"]

1.c4 e5 2.Nc3 Bb4 3.Nd5 Bc5 4.e3 c6 5.d4 cxd5 6.dxc5 Qa5+ 7.Bd2 Qxc5 8.Nf3 dxc4
9.Bxc4 Nc6 10.Qb3 Qe7 11.O-O Nf6 12.Rfd1 O-O 13.Bc3 d6 14.Qa3 Rd8 15.Ng5 d5
16.Qxe7 Nxe7 17.Bb3 Nc6 18.e4 Be6 19.Nxe6 fxe6 20.exd5 Nxd5 21.Re1 Nxc3 22.Bxe6+  1/2-1/2

[Event "Hamburg op"]
[Site "Hamburg"]
[Date "1992.??.??"]
[Round "7"]
[White "Onischuk, Alexander"]
[Black "Mowsziszian, Karen"]
[Result "1-0"]
[WhiteElo "2375"]
[BlackElo "2435"]

1.c4 e5 2.Nc3 Nc6 3.Nf3 g6 4.d4 exd4 5.Nd5 Nb4 6.Nxd4 Nxd5 7.cxd5 Nf6 8.Nc2 Bg7
9.g3 O-O 10.Bg2 c5 11.O-O d6 12.e4 Re8 13.Re1 b5 14.b4 cxb4 15.Bb2 a5 16.Nd4 Bd7
17.Nc6 Qb6 18.Bd4 Qa6 19.Rc1 Ng4 20.Bxg7 Kxg7 21.Qd4+ f6 22.f4 Rac8 23.h3 Nh6
24.g4 Bxc6 25.dxc6 Rxc6 26.g5 Nf7 27.gxf6+ Kf8 28.Rxc6 Qxc6 29.e5 Qc5 30.Qxc5 dxc5
31.Bc6 Rb8 32.e6 Nd6 33.Rd1 Nf5 34.Rd7 c4 35.e7+ Kf7 36.Rd8  1-0

[Event "Hamburg op"]
[Site "Hamburg"]
[Date "1992.??.??"]
[Round "8"]
[White "Mueller, Karsten"]
[Black "Onischuk, Alexander"]
[Result "1/2-1/2"]
[WhiteElo "2490"]
[BlackElo "2375"]

1.e4 e5 2.Nf3 Nc6 3.d4 exd4 4.Nxd4 Nf6 5.Nc3 Bb4 6.Nxc6 bxc6 7.Bd3 d5 8.exd5 cxd5
9.O-O O-O 10.Bg5 c6 11.Na4 Be6 12.c3 Be7 13.Re1 Nd7 14.Bf4 Re8 15.Qc2 h6
16.Ba6 Bg5 17.Bg3 Qf6 18.Qe2 Bf5 19.Qxe8+ Rxe8 20.Rxe8+ Kh7 21.Rae1 h5 22.Bc7 Qg6
23.Ra8 Bd3 24.Bxd3 Qxd3 25.Rxa7 Bd2 26.Rf1 d4 27.cxd4 Qxd4 28.Ra8 c5 29.Nb6 Nxb6
30.Bxb6 Qb4 31.Rd8 Bf4 32.Ba7 Bxh2+ 33.Kxh2 Qh4+ 34.Kg1 Qxd8 35.Bxc5 Qd5
36.b4 Qxa2 37.Rd1 Qc2 38.Rd5 Kg6 39.Be3 f5 40.b5 Qe4 41.Rd6+ Kh7 42.b6 f4
43.Bd4 Qb7 44.f3 Qe7 45.Rd5 Qe1+ 46.Kh2 Qh4+ 47.Kg1 Qe1+ 48.Kh2 Qh4+  1/2-1/2